Przekupienie Sędziego w Historii Piłki Nożnej - Statystyki

Ogólne statystyki
  • Ten quiz został rozwiązany 30 razy
  • Średni wynik to 5 z 9
Statystyki odpowiedzi
Rok Kraje/Kluby % Poprawnych
2026 Polska
83%
2016 Polska
83%
2025 Barcelona
76%
2024 Bayern
62%
2009 Chealse
62%
2002 Włochy
48%
2002 Hiszpania
41%
2026 Senegal
10%
2004 HSV
0%
Nie znaleziono quizów pasujących do podanych kryteriów
Rozkład punktacji
Procent ludzi z każdym wynikiem
Percentyl według liczby udzielonych odpowiedzi
Twoja historia wyników
Nie rozwiązałeś tego quizu